000 00753cam a22002773a 4500
999 _c8583
_d8583
001 8583
003 BD-JhCC
005 20180920093756.0
008 151211e201512uuxxka | |||||||0|0 eng|d
035 _a(BD-JhCC)8583
035 _a(StEdALDL)1/3390937
035 _a6149073
040 _aUK-WkNB
_cUK-WkNB
_dBD-JhCC
041 _aeng
082 _bARN 1965
_a297.61
100 1 _aArnold, Thomas W.
245 1 4 _aThe Caliphate /
_cThomas W. Arnold,
260 _aLondon :
_bLapido Media :
_b[distributor] Central Books Ltd,
_c1965
300 _bill., 10 black and white.
_a267 p. :
_c21 cm.
500 _aPaperback.
650 _aCaliphate
650 _aIslamic Empire
650 _aIslamic countries
942 _2ddc
_cBK